1963 College Football AP Poll - Statistics

General Stats
  • This quiz has been taken 14 times
  • The average score is 111 of 132
Answer Stats
Week Rank Team W L T Conference % Correct
Preseason 3 Alabama 0 0 SEC
100%
Week 1 (9/23) 2 Alabama 1 0 SEC
100%
Week 2 (9/30) 2 Alabama 2 0 SEC
100%
Week 3 (10/7) 3 Alabama 3 0 SEC
100%
Week 4 (10/14) 9 Alabama 3 1 SEC
100%
Week 5 (10/21) 6 Alabama 4 1 SEC
100%
Week 6 (10/28) 7 Alabama 5 1 SEC
100%
Week 7 (11/4) 7 Alabama 6 1 SEC
100%
Week 8 (11/11) 7 Alabama 6 1 SEC
100%
Week 9 (11/18) 7 Alabama 7 1 SEC
100%
Week 10 (11/25) 6 Alabama 7 1 SEC
100%
Week 11 (12/2) 9 Alabama 7 2 SEC
100%
Week 12 (12/9) 8 Alabama 8 2 SEC
100%
Week 8 (11/11) 10 Nebraska 7 1 Big Eight
100%
Week 9 (11/18) 10 Nebraska 8 1 Big Eight
100%
Week 10 (11/25) 7 Nebraska 9 1 Big Eight
100%
Week 11 (12/2) 6 Nebraska 9 1 Big Eight
100%
Week 12 (12/9) 6 Nebraska 9 1 Big Eight
100%
Preseason 10 Ohio State 0 0 Big Ten
100%
Week 3 (10/7) 8 Ohio State 2 0 Big Ten
100%
Week 4 (10/14) 4 Ohio State 2 0 1 Big Ten
100%
Week 6 (10/28) 9 Ohio State 3 1 1 Big Ten
100%
Week 7 (11/4) 10 Ohio State 4 1 1 Big Ten
100%
Preseason 4 Oklahoma 0 0 Big Eight
100%
Week 1 (9/23) 3 Oklahoma 1 0 Big Eight
100%
Week 2 (9/30) 1 Oklahoma 2 0 Big Eight
100%
Week 3 (10/7) 1 Oklahoma 2 0 Big Eight
100%
Week 4 (10/14) 6 Oklahoma 2 1 Big Eight
100%
Week 5 (10/21) 7 Oklahoma 3 1 Big Eight
100%
Week 6 (10/28) 6 Oklahoma 4 1 Big Eight
100%
Week 7 (11/4) 6 Oklahoma 5 1 Big Eight
100%
Week 8 (11/11) 5 Oklahoma 6 1 Big Eight
100%
Week 9 (11/18) 6 Oklahoma 7 1 Big Eight
100%
Week 10 (11/25) 10 Oklahoma 7 2 Big Eight
100%
Week 11 (12/2) 8 Oklahoma 8 2 Big Eight
100%
Week 12 (12/9) 10 Oklahoma 8 2 Big Eight
100%
Preseason 5 Texas 0 0 Southwest
100%
Week 1 (9/23) 4 Texas 1 0 Southwest
100%
Week 2 (9/30) 3 Texas 2 0 Southwest
100%
Week 3 (10/7) 2 Texas 3 0 Southwest
100%
Week 4 (10/14) 1 Texas 4 0 Southwest
100%
Week 5 (10/21) 1 Texas 5 0 Southwest
100%
Week 6 (10/28) 1 Texas 6 0 Southwest
100%
Week 7 (11/4) 1 Texas 7 0 Southwest
100%
Week 8 (11/11) 1 Texas 8 0 Southwest
100%
Week 9 (11/18) 1 Texas 9 0 Southwest
100%
Week 10 (11/25) 1 Texas 9 0 Southwest
100%
Week 11 (12/2) 1 Texas 10 0 Southwest
100%
Week 12 (12/9) 1 Texas 10 0 Southwest
100%
Preseason 1 USC 0 0 Western Universities
100%
Week 1 (9/23) 1 USC 1 0 Western Universities
100%
Week 2 (9/30) 8 USC 1 1 Western Universities
100%
Week 3 (10/7) 7 USC 2 1 Western Universities
100%
Preseason 2 Ole Miss 0 0 SEC
86%
Week 2 (9/30) 10 Ole Miss 1 0 1 SEC
86%
Week 3 (10/7) 10 Ole Miss 2 0 1 SEC
86%
Week 4 (10/14) 5 Ole Miss 2 0 1 SEC
86%
Week 5 (10/21) 5 Ole Miss 3 0 1 SEC
86%
Week 6 (10/28) 3 Ole Miss 4 0 1 SEC
86%
Week 7 (11/4) 3 Ole Miss 5 0 1 SEC
86%
Week 8 (11/11) 3 Ole Miss 6 0 1 SEC
86%
Week 9 (11/18) 3 Ole Miss 7 0 1 SEC
86%
Week 10 (11/25) 3 Ole Miss 7 0 1 SEC
86%
Week 11 (12/2) 7 Ole Miss 7 0 2 SEC
86%
Week 12 (12/9) 7 Ole Miss 7 0 2 SEC
86%
Week 3 (10/7) 9 Penn State 3 0 Independent
86%
Preseason 7 Wisconsin 0 0 Big Ten
86%
Week 1 (9/23) 6 Wisconsin 1 0 Big Ten
86%
Week 2 (9/30) 4 Wisconsin 2 0 Big Ten
86%
Week 3 (10/7) 5 Wisconsin 2 0 Big Ten
86%
Week 4 (10/14) 2 Wisconsin 3 0 Big Ten
86%
Week 5 (10/21) 2 Wisconsin 4 0 Big Ten
86%
Week 6 (10/28) 8 Wisconsin 4 1 Big Ten
86%
Preseason 8 Arkansas 0 0 Southwest
71%
Week 1 (9/23) 8 Arkansas 1 0 Southwest
71%
Week 5 (10/21) 8 Auburn 5 0 SEC
71%
Week 6 (10/28) 5 Auburn 5 0 SEC
71%
Week 7 (11/4) 5 Auburn 6 0 SEC
71%
Week 8 (11/11) 9 Auburn 6 1 SEC
71%
Week 9 (11/18) 9 Auburn 7 1 SEC
71%
Week 10 (11/25) 9 Auburn 8 1 SEC
71%
Week 11 (12/2) 5 Auburn 9 1 SEC
71%
Week 12 (12/9) 5 Auburn 9 1 SEC
71%
Week 1 (9/23) 9 Georgia Tech 1 0 SEC
71%
Week 2 (9/30) 7 Georgia Tech 2 0 SEC
71%
Week 4 (10/14) 8 Georgia Tech 3 1 SEC
71%
Week 4 (10/14) 7 Illinois 2 0 1 Big Ten
71%
Week 5 (10/21) 4 Illinois 3 0 1 Big Ten
71%
Week 6 (10/28) 2 Illinois 4 0 1 Big Ten
71%
Week 7 (11/4) 2 Illinois 5 0 1 Big Ten
71%
Week 8 (11/11) 8 Illinois 5 1 1 Big Ten
71%
Week 9 (11/18) 8 Illinois 6 1 1 Big Ten
71%
Week 10 (11/25) 8 Illinois 6 1 1 Big Ten
71%
Week 11 (12/2) 3 Illinois 7 1 1 Big Ten
71%
Week 12 (12/9) 3 Illinois 7 1 1 Big Ten
71%
Week 7 (11/4) 9 Michigan State 4 1 1 Big Ten
71%
Week 8 (11/11) 4 Michigan State 5 1 1 Big Ten
71%
Week 9 (11/18) 4 Michigan State 6 1 1 Big Ten
71%
Week 10 (11/25) 4 Michigan State 6 1 1 Big Ten
71%
Week 11 (12/2) 10 Michigan State 6 2 1 Big Ten
71%
Week 12 (12/9) 9 Michigan State 6 2 1 Big Ten
71%
Preseason 9 Navy 0 0 Independent
71%
Week 1 (9/23) 5 Navy 1 0 Independent
71%
Week 2 (9/30) 6 Navy 2 0 Independent
71%
Week 3 (10/7) 4 Navy 3 0 Independent
71%
Week 4 (10/14) 10 Navy 3 1 Independent
71%
Week 5 (10/21) 10 Navy 4 1 Independent
71%
Week 6 (10/28) 4 Navy 5 1 Independent
71%
Week 7 (11/4) 4 Navy 6 1 Independent
71%
Week 8 (11/11) 2 Navy 7 1 Independent
71%
Week 9 (11/18) 2 Navy 8 1 Independent
71%
Week 10 (11/25) 2 Navy 8 1 Independent
71%
Week 11 (12/2) 2 Navy 8 1 Independent
71%
Week 12 (12/9) 2 Navy 9 1 Independent
71%
Preseason 6 Northwestern 0 0 Big Ten
71%
Week 1 (9/23) 7 Northwestern 1 0 Big Ten
71%
Week 2 (9/30) 4 Northwestern 2 0 Big Ten
71%
Week 4 (10/14) 10 Northwestern 3 1 Big Ten
71%
Week 5 (10/21) 9 Northwestern 4 1 Big Ten
71%
Preseason 10 Washington 0 0 Western Universities
71%
Week 1 (9/23) 10 Pittsburgh 1 0 Independent
57%
Week 2 (9/30) 9 Pittsburgh 2 0 Independent
57%
Week 3 (10/7) 6 Pittsburgh 3 0 Independent
57%
Week 4 (10/14) 3 Pittsburgh 3 0 Independent
57%
Week 5 (10/21) 3 Pittsburgh 4 0 Independent
57%
Week 6 (10/28) 10 Pittsburgh 4 1 Independent
57%
Week 7 (11/4) 8 Pittsburgh 5 1 Independent
57%
Week 8 (11/11) 6 Pittsburgh 6 1 Independent
57%
Week 9 (11/18) 5 Pittsburgh 7 1 Independent
57%
Week 10 (11/25) 5 Pittsburgh 7 1 Independent
57%
Week 11 (12/2) 4 Pittsburgh 8 1 Independent
57%
Week 12 (12/9) 4 Pittsburgh 9 1 Independent
57%
No matching quizzes found
Score Distribution
Percent of People with Each Score
Percentile by Number Answered
Your Score History
You have not taken this quiz